[Event "Reykjavik Open 2024"]
[Site "Reykjavik ISL"]
[Date "2024.03.15"]
[Round "1.75"]
[White "Unzicker, Ferdinand"]
[Black "Manukonda, Arun"]
[Result "1-0"]
[WhiteTitle "FM"]
[WhiteElo "2284"]
[BlackElo "1974"]
[WhiteFideId "4619196"]
[BlackFideId "5080789"]
[EventDate "2024.03.15"]

1. c4 e6 2. Nf3 d5 3. d4 Nf6 4. Nc3 Nbd7 5. cxd5 exd5 6. Bf4 Bb4 7. e3 Ne4 8.
Qb3 c5 9. dxc5 Qa5 10. Rc1 Ndxc5 11. Qxd5 O-O 12. Be2 Nxc3 13. bxc3 Bxc3+ 14.
Kf1 Be6 15. Qh5 Ne4 16. Qxa5 Bxa5 17. Bd3 Rac8 18. Rc2 Rxc2 19. Bxc2 Rc8 20. Nd4
Bb6 21. Ke2 Bc4+ 22. Kf3 Nd2+ 23. Kg3 Nf1+ 24. Kf3 Ba6 25. Bf5 Rc1 26. g4 g6 27.
Bd7 Bc4 28. Kg2 Rb1 29. h4 Bd5+ 30. f3 Bc4 31. a4 Rb2+ 32. Kh3 Nd2 33. Rc1 Bf1+
34. Kg3 Bc4 35. Be5 f6 36. Bd6 Bxd4 37. exd4 Bd5 38. g5 Nc4 39. Bf4 Rb3 40. gxf6
Rxf3+ 41. Kg4 Kf7 42. h5 gxh5+ 43. Kf5 Rf2 44. Re1 Nd6+ 45. Ke5 Ne4 46. Rxe4
Bxe4 47. Be6+ Kg6 48. f7 Kg7 49. Kxe4 h4 50. d5 h3 51. Be5+ Kg6 52. d6 Rxf7 53.
Bxf7+ Kxf7 54. Kd5 h6 55. a5 a6 56. Bh2 h5 57. Kc5 Ke6 58. Kb6 Kd7 59. Kxb7 1-0

[Event "Reykjavik Open 2024"]
[Site "Reykjavik ISL"]
[Date "2024.03.15"]
[Round "1.76"]
[White "Gurner, Jem"]
[Black "Stanford, Maxim Barth"]
[Result "1-0"]
[WhiteTitle "CM"]
[BlackTitle "IM"]
[WhiteElo "1968"]
[BlackElo "2275"]
[WhiteFideId "67600280"]
[BlackFideId "408280"]
[EventDate "2024.03.15"]

1. d4 Nf6 2. c4 e6 3. Nf3 c5 4. d5 exd5 5. cxd5 d6 6. Nc3 g6 7. Bf4 a6 8. a4 Bg7
9. h3 O-O 10. e3 Ne8 11. Be2 Nd7 12. O-O Rb8 13. Nd2 Ne5 14. a5 Qe7 15. Na4 Bd7
16. Nb6 Bb5 17. Re1 Nc7 18. Bxe5 Bxe5 19. Ndc4 Bg7 20. e4 Bxc4 21. Nxc4 Qxe4 22.
Nxd6 Qf4 23. Nc4 Rbd8 24. g3 Qd4 25. d6 Nb5 26. Qb3 h5 27. Rad1 Qf6 28. Qf3 Rd7
29. Qd5 Nxd6 30. Nxd6 Rfd8 31. Qxc5 Rxd6 32. Rxd6 Rxd6 33. Qc8+ Kh7 34. Qxb7 Re6
35. Qb4 Qe5 36. h4 Bh6 37. b3 Kg7 38. Kg2 Kh7 39. Kg1 Be3 40. fxe3 Qxg3+ 41. Kh1
Rxe3 42. Rf1 Kg8 43. Qc4 Qh3+ 44. Kg1 Rg3+ 45. Kf2 Rxb3 46. Ke1 Rb1+ 47. Kd2
Qd7+ 48. Kc2 Rb5 49. Rxf7 1-0

[Event "Reykjavik Open 2024"]
[Site "Reykjavik ISL"]
[Date "2024.03.15"]
[Round "1.77"]
[White "Bisby, Daniel L"]
[Black "Rathbone-Jones, Ifan"]
[Result "1/2-1/2"]
[WhiteTitle "FM"]
[WhiteElo "2273"]
[BlackElo "1966"]
[WhiteFideId "404586"]
[BlackFideId "1803859"]
[EventDate "2024.03.15"]

1. e4 c5 2. Nf3 d6 3. c3 Nf6 4. Be2 Nc6 5. d4 Bg4 6. d5 Bxf3 7. gxf3 Ne5 8. c4
g6 9. Nc3 Bg7 10. Be3 Ned7 11. Qd2 Qa5 12. a3 a6 13. O-O O-O 14. Kh1 Qc7 15.
Rad1 Kh8 16. Rg1 Ng8 17. f4 f5 18. exf5 gxf5 19. Bd3 Nh6 20. Rg5 Rf7 21. Rdg1
Nf8 22. f3 Ng6 23. Rh5 Qd7 24. Qg2 Rf6 25. Qh3 Rg8 26. Bc2 Nf8 27. Ne2 e6 28.
Bd2 exd5 29. cxd5 Qb5 30. Bd1 Qd3 31. Bc3 Rg6 32. Rxg6 Nxg6 33. Rxh6 Qxd1+ 34.
Ng1 Nf8 35. Rf6 b5 36. Qg3 b4 37. axb4 cxb4 38. Rxf8 bxc3 39. Rxg8+ Kxg8 40.
bxc3 Qxd5 41. Qe1 a5 42. c4 Qxc4 43. Qxa5 Qxf4 44. Qd5+ Kf8 45. Ne2 Qe5 46. Qxe5
dxe5 47. Ng3 1/2-1/2

[Event "Reykjavik Open 2024"]
[Site "Reykjavik ISL"]
[Date "2024.03.15"]
[Round "1.78"]
[White "MacArthur, John"]
[Black "Mohamed, Anees M"]
[Result "0-1"]
[BlackTitle "FM"]
[WhiteElo "1962"]
[BlackElo "2271"]
[WhiteFideId "2005352"]
[BlackFideId "35065815"]
[EventDate "2024.03.15"]

1. d4 d5 2. c4 e6 3. Nc3 a6 4. cxd5 exd5 5. Nf3 Nf6 6. Bg5 c6 7. e3 Be7 8. Qc2
h6 9. Bh4 Nbd7 10. h3 O-O 11. Bd3 Re8 12. O-O Ne4 13. Bxe7 Qxe7 14. b4 Ng5 15.
Nxg5 hxg5 16. Rab1 g4 17. hxg4 Nf6 18. Bf5 Nxg4 19. Bxg4 Bxg4 20. Rbe1 Qxb4 21.
f3 Bf5 22. Qd2 Rad8 23. e4 dxe4 24. fxe4 Rxd4 25. Qf2 Bg6 26. Re3 Qd6 0-1

[Event "Reykjavik Open 2024"]
[Site "Reykjavik ISL"]
[Date "2024.03.15"]
[Round "1.79"]
[White "Pourkashiyan, Atousa"]
[Black "Muller, Maxime"]
[Result "1-0"]
[WhiteTitle "WGM"]
[WhiteElo "2270"]
[BlackElo "1961"]
[WhiteFideId "12502014"]
[BlackFideId "26088533"]
[EventDate "2024.03.15"]

1. d4 d5 2. c4 e6 3. Nc3 Nf6 4. cxd5 exd5 5. Bg5 Nbd7 6. e3 Be7 7. Bd3 O-O 8.
Nge2 Re8 9. O-O c6 10. Qc2 Nf8 11. f3 Be6 12. Rad1 Rc8 13. h3 c5 14. Qd2 a6 15.
Bc2 b5 16. dxc5 Bxc5 17. Nd4 Bxd4 18. Qxd4 N8d7 19. Bb3 h6 20. Bh4 Qc7 21. f4
Bf5 22. Nxd5 Nxd5 23. Bxd5 Nb6 24. Bf3 Qc5 25. b3 Qxd4 26. exd4 Rc2 27. Rf2 Rec8
28. d5 f6 29. g4 Bd7 30. Rfd2 Kf8 31. Bf2 Rxd2 32. Rxd2 Rc1+ 33. Kg2 Nc8 34. d6
Ke8 35. Bb7 a5 36. f5 a4 37. b4 h5 38. Bc5 hxg4 39. hxg4 Rc4 40. Bf3 Rc3 41. Kf2
Kd8 42. Bd5 Rc1 43. Kg3 Rc3+ 44. Kf4 1-0

[Event "Reykjavik Open 2024"]
[Site "Reykjavik ISL"]
[Date "2024.03.15"]
[Round "1.80"]
[White "He, Junchen"]
[Black "Gislason, Gudmundur"]
[Result "0-1"]
[BlackTitle "FM"]
[WhiteElo "1956"]
[BlackElo "2266"]
[WhiteFideId "8642427"]
[BlackFideId "2300559"]
[EventDate "2024.03.15"]

1. d4 g6 2. e4 Bg7 3. c3 d6 4. Bd3 e5 5. h3 Nc6 6. d5 Nce7 7. g4 Nf6 8. Ne2 h5
9. g5 Nd7 10. Be3 O-O 11. Nd2 c6 12. c4 Nc5 13. Nb3 Nxd3+ 14. Qxd3 b5 15. cxb5
cxd5 16. exd5 Bf5 17. Qc4 Rc8 18. Qa4 Nxd5 19. Bxa7 Ra8 20. Rd1 Be6 21. Qa6 Nb4
22. Qb7 Qxg5 23. b6 Nc2+ 24. Kf1 Qf5 25. Kg1 e4 26. Ng3 Qf3 27. Rd2 d5 28. Kh2
Ne3 29. Rg1 h4 30. fxe3 Be5 31. Rdg2 hxg3+ 32. Rxg3 Qf2+ 0-1

[Event "Reykjavik Open 2024"]
[Site "Reykjavik ISL"]
[Date "2024.03.15"]
[Round "1.81"]
[White "Large, Peter G"]
[Black "Niebler, Paul"]
[Result "1-0"]
[WhiteTitle "IM"]
[WhiteElo "2262"]
[BlackElo "1955"]
[WhiteFideId "400866"]
[BlackFideId "12902730"]
[EventDate "2024.03.15"]

1. Nf3 d5 2. b3 Nf6 3. Bb2 e6 4. e3 Be7 5. c4 O-O 6. g3 a5 7. Bg2 a4 8. bxa4 c6
9. O-O Nbd7 10. cxd5 exd5 11. Nc3 Nc5 12. d4 Nce4 13. Ne5 Qa5 14. Nxe4 Nxe4 15.
Bxe4 dxe4 16. Qc2 Bf5 17. g4 Be6 18. Qxe4 f5 19. Qg2 Qd2 20. Bc1 Qb4 21. a3 Qxa4
22. Rb1 Bd5 23. Qg3 b5 24. Nd7 fxg4 25. Qxg4 h5 26. Qg6 Bh4 27. f4 Bf7 28. Qg2
Bd5 29. Qg6 Bf7 30. Qxc6 Ra6 31. Qe4 Rd8 32. Nc5 Rg6+ 33. Qxg6 Bxg6 34. Nxa4
Bxb1 35. Nc5 Rd6 36. f5 Rd5 37. e4 Rxd4 38. Be3 Rxe4 39. Nxe4 Bxe4 40. Rf4 1-0

[Event "Reykjavik Open 2024"]
[Site "Reykjavik ISL"]
[Date "2024.03.15"]
[Round "1.82"]
[White "Zhou, David"]
[Black "Riisem, Oyvind"]
[Result "1-0"]
[WhiteElo "1954"]
[BlackElo "2234"]
[WhiteFideId "2623234"]
[BlackFideId "1504673"]
[EventDate "2024.03.15"]

1. d4 Nf6 2. c4 e6 3. g3 c5 4. d5 exd5 5. cxd5 d6 6. Nc3 a6 7. a4 g6 8. Bg2 Bg7
9. Nf3 O-O 10. O-O Re8 11. Bf4 Nh5 12. Bg5 Qc7 13. Qd2 Nd7 14. Rfc1 Rb8 15. b4
cxb4 16. Nb5 Qb6 17. Nc7 Re4 18. a5 Qa7 19. Qd3 Nc5 20. Rxc5 Qxc5 21. Rc1 Bc3
22. Qxe4 Qxc7 23. g4 Ng7 24. Bf6 Bd7 25. Ng5 Bb5 26. Qxb4 Bxb4 27. Rxc7 Ne8 28.
Rxf7 Nxf6 29. Rxf6 Bxe2 30. Ne4 Rf8 31. Re6 Kg7 32. h3 Bxa5 33. Nxd6 Bd3 34.
Re7+ Kf6 35. Rxb7 Ke5 36. Nf7+ Kf6 37. g5+ Kf5 38. d6 Bc4 39. Nh6+ Kxg5 40. Rxh7
Bb6 41. Ng4 a5 42. Rb7 Bd4 43. Bf1 Bxf1 44. Kxf1 Ra8 45. d7 Kf5 46. Rb5+ Ke6 47.
Rxa5 Rg8 48. Rg5 Bf6 49. Nxf6 Kxf6 50. Rd5 Ke7 51. Kg2 Rd8 52. Kg3 Rxd7 53.
Rxd7+ Kxd7 54. Kg4 Ke7 55. Kg5 Kf7 56. h4 Kg7 57. h5 gxh5 58. Kxh5 Kf6 59. Kg4
Kg6 60. Kf4 Kf6 61. f3 1-0

[Event "Reykjavik Open 2024"]
[Site "Reykjavik ISL"]
[Date "2024.03.15"]
[Round "1.83"]
[White "Arndt, Uwe"]
[Black "Povah, Nigel E"]
[Result "1-0"]
[BlackTitle "IM"]
[WhiteElo "1951"]
[BlackElo "2202"]
[WhiteFideId "24647713"]
[BlackFideId "400467"]
[EventDate "2024.03.15"]

1. d4 Nf6 2. c4 e6 3. Nf3 d5 4. Nc3 Bb4 5. Bg5 h6 6. Bxf6 Qxf6 7. Qa4+ Nc6 8.
Ne5 O-O 9. Nxc6 Bxc3+ 10. bxc3 Bd7 11. cxd5 exd5 12. e3 Rfe8 13. Be2 Bxc6 14.
Qb3 b6 15. O-O Re6 16. Rac1 Qg5 17. Kh1 Rg6 18. Rg1 Rd8 19. Qa3 a5 20. Bf3 Rdd6
21. Qb2 Rgf6 22. Qe2 b5 23. Rb1 Bd7 24. Rb2 h5 25. Qd1 c6 26. Re1 Bg4 27. Rg1 a4
28. Qe2 Rde6 29. Rbb1 Bxf3 30. gxf3 Qf5 31. Kg2 Rg6+ 32. Kh1 Ref6 33. Rxg6 fxg6
34. Rg1 Qxf3+ 35. Qxf3 Rxf3 36. Kg2 Rf6 37. h4 Re6 38. Kf3 Kf8 39. Ke2 Ke7 40.
Rg5 Kd6 41. f4 Ke7 42. Kd3 Kf6 43. a3 Kf7 44. Kd2 Rf6 45. Ke2 Rf5 46. Rg1 Rf6
47. Rg5 Ke6 48. Re5+ Kd7 49. Rg5 Kd6 50. Kd3 Re6 51. Re5 Ke7 52. Rg5 Kf7 53. Kd2
Rf6 54. Ke2 Rd6 55. Kd2 Re6 56. Kd3 Ke7 57. Ke2 Kf6 58. Kd3 Kf7 59. Kd2 Rf6 60.
Kd3 Rf5 61. Rg1 g5 62. hxg5 g6 63. Rf1 Ke6 64. e4 Rf8 65. Ke3 dxe4 66. Kxe4 h4
67. Rh1 Rh8 68. Kf3 Kd5 69. Kg4 c5 70. dxc5 Kxc5 71. Rxh4 Rg8 72. f5 Kc4 73.
fxg6 Kb3 74. Kf5 Kxa3 75. Rb4 Rc8 76. g7 Rxc3 77. Rxb5 Rc8 78. Kg6 Ka2 79. Kh7 1-0

[Event "Reykjavik Open 2024"]
[Site "Reykjavik ISL"]
[Date "2024.03.15"]
[Round "1.84"]
[White "Kunz, Andre"]
[Black "Cansdale, Zach"]
[Result "1-0"]
[WhiteTitle "CM"]
[WhiteElo "2197"]
[BlackElo "1951"]
[WhiteFideId "24623652"]
[BlackFideId "343409024"]
[EventDate "2024.03.15"]

1. e4 c6 2. Nc3 d5 3. Nf3 dxe4 4. Nxe4 Nf6 5. Qe2 Bf5 6. Nxf6+ gxf6 7. d4 Qd5 8.
c4 Qe4 9. Be3 Bg4 10. O-O-O e6 11. h3 Bxf3 12. gxf3 Qf5 13. d5 cxd5 14. cxd5 Nd7
15. Qc4 Kd8 16. dxe6 fxe6 17. Bd3 Qd5 18. Qh4 Qxa2 19. Bc4 Qa1+ 20. Kc2 Qa4+ 21.
Kb1 Be7 22. Qe4 Rc8 23. Bxe6 1-0

[Event "Reykjavik Open 2024"]
[Site "Reykjavik ISL"]
[Date "2024.03.15"]
[Round "1.85"]
[White "Ragnarsson, Johann"]
[Black "Birkisson, Bardur Orn"]
[Result "0-1"]
[BlackTitle "CM"]
[WhiteElo "1948"]
[BlackElo "2189"]
[WhiteFideId "2301040"]
[BlackFideId "2310597"]
[EventDate "2024.03.15"]

1. d4 d5 2. c4 c6 3. cxd5 cxd5 4. Bf4 Nf6 5. Nc3 Nc6 6. Rc1 a6 7. e3 Bf5 8. Nf3
e6 9. Qb3 Bb4 10. Be2 Ne4 11. O-O Bxc3 12. bxc3 b5 13. a4 O-O 14. axb5 Na5 15.
Qb4 axb5 16. Bxb5 g5 17. Bg3 f6 18. Rfd1 Rf7 19. c4 Rb7 20. Qe1 h5 21. h4 Nxg3
22. fxg3 g4 23. Nd2 Bd3 24. Rc3 dxc4 25. Bxc4 Nxc4 26. Nxc4 Be4 27. Nd2 Bg6 28.
Ra1 Rb2 29. Rxa8 Qxa8 30. Rb3 Rc2 31. Qf2 Kg7 32. Qf4 Rxd2 33. Qc7+ Bf7 34. Rb7
Qf8 35. Kh2 Ra2 36. Rb8 Rc2 37. Qa7 Rc8 38. Rb7 Qe8 39. Re7 Qf8 40. Rd7 Kg8 41.
Qb7 Re8 42. Qc7 Qg7 43. e4 Qg6 44. d5 exd5 45. exd5 Re1 46. Qb8+ Kg7 47. Qb7 Kg8
48. Rd8+ Re8 49. Rd7 f5 50. Qc7 Qf6 51. Qf4 Re4 52. Qc7 f4 53. Qd8+ Qxd8 54.
Rxd8+ Re8 55. Rxe8+ Bxe8 56. gxf4 Bg6 57. g3 Kf7 58. Kg1 Ke7 59. Kf2 Kd6 0-1

[Event "Reykjavik Open 2024"]
[Site "Reykjavik ISL"]
[Date "2024.03.15"]
[Round "1.86"]
[White "Karamsetty, Jeevan"]
[Black "Stark, John"]
[Result "1-0"]
[WhiteTitle "FM"]
[BlackTitle "CM"]
[WhiteElo "2187"]
[BlackElo "1947"]
[WhiteFideId "2025337"]
[BlackFideId "4300963"]
[EventDate "2024.03.15"]

1. e4 e6 2. d3 d5 3. Nd2 Nf6 4. Ngf3 Nc6 5. c3 Bd6 6. Be2 O-O 7. O-O Re8 8. Qc2
e5 9. exd5 Nxd5 10. Nc4 Bf5 11. Ng5 Be7 12. Ne4 Qd7 13. a4 a5 14. Rd1 Rad8 15.
Bf3 h6 16. Qb3 Be6 17. Qb5 b6 18. Ng3 Bg4 19. Bxg4 Qxg4 20. Re1 Qe6 21. d4 Bf6
22. f4 Qd7 23. fxe5 Bh4 24. Rf1 Bxg3 25. hxg3 Re6 26. Ne3 Nce7 27. Qe2 Nxe3 28.
Bxe3 Nd5 29. Rf3 Rde8 30. Qc4 Kf8 31. Raf1 R8e7 32. Bc1 Kg8 33. Bd2 c6 34. Qb3
b5 35. Ra1 b4 36. cxb4 Nxb4 37. Qc4 Nd5 38. Qc5 Qa7 39. Rc1 Rb7 40. b3 Qb8 41.
Rcf1 f6 42. exf6 Rxf6 43. Rxf6 Nxf6 44. Bf4 Qe8 45. Be5 Nd5 46. Rf3 Qg6 47. Qxa5
Qb1+ 48. Kh2 Kh7 49. Qa8 Rxb3 50. Rxb3 Qxb3 51. Qa7 Kg6 52. Qxg7+ Kf5 53. Qf6+
Ke4 54. a5 Qd1 55. a6 1-0

[Event "Reykjavik Open 2024"]
[Site "Reykjavik ISL"]
[Date "2024.03.15"]
[Round "1.87"]
[White "Doran, Chris"]
[Black "Hill, Alistair"]
[Result "0-1"]
[WhiteElo "1947"]
[BlackElo "2187"]
[WhiteFideId "503835"]
[BlackFideId "432407"]
[EventDate "2024.03.15"]

1. e4 e6 2. d4 d5 3. Nd2 Be7 4. Bd3 c5 5. dxc5 Nf6 6. Ngf3 dxe4 7. Nxe4 Nxe4 8.
Bxe4 Qxd1+ 9. Kxd1 Bxc5 10. Ke2 Nd7 11. Bd2 Nf6 12. Bd3 O-O 13. Rad1 e5 14. Ng5
e4 15. Nxe4 Re8 16. Kf3 Bg4+ 17. Kg3 Nxe4+ 18. Kxg4 Nxf2+ 19. Kf3 Nxh1 20. Rxh1
Rad8 21. Rf1 Rd6 0-1

[Event "Reykjavik Open 2024"]
[Site "Reykjavik ISL"]
[Date "2024.03.15"]
[Round "1.88"]
[White "Loncke, Matthieu"]
[Black "Schmidt, Florian Pascal"]
[Result "1-0"]
[WhiteElo "2175"]
[BlackElo "1947"]
[WhiteFideId "45197148"]
[BlackFideId "16256840"]
[EventDate "2024.03.15"]

1. d4 Nf6 2. c4 e6 3. Nc3 Bb4 4. Qc2 O-O 5. Nf3 c5 6. dxc5 Na6 7. g3 Nxc5 8. Bg2
Nce4 9. O-O Bxc3 10. bxc3 Qc7 11. Nd4 d5 12. cxd5 exd5 13. Bf4 Qc5 14. Rac1 Bd7
15. f3 Nd6 16. Kh1 Nc4 17. Rce1 Rac8 18. Bc1 Nb6 19. Qb3 Ba4 20. Qb1 Qxc3 21.
Bb2 Qc7 22. Rc1 Nc4 23. Nf5 Qd8 24. Bd4 Bd7 25. Qd3 Bxf5 26. Qxf5 Qd7 27. Qg5
Rc6 28. Rcd1 h6 29. Qh4 Qf5 30. e4 Qg5 31. Qxg5 hxg5 32. e5 Nd7 33. f4 Ncb6 34.
fxg5 Re6 35. Bh3 Re7 36. Rf4 Nc4 37. Bc3 Rc8 38. Bb4 1-0

[Event "Reykjavik Open 2024"]
[Site "Reykjavik ISL"]
[Date "2024.03.15"]
[Round "1.89"]
[White "Hennig, Konrad"]
[Black "Stenzel, Thomas"]
[Result "1-0"]
[WhiteElo "1946"]
[BlackElo "2175"]
[WhiteFideId "34622519"]
[BlackFideId "4632770"]
[EventDate "2024.03.15"]

1. e4 e6 2. d4 d5 3. Nc3 Nc6 4. e5 f6 5. Bb5 Bd7 6. Nf3 Qe7 7. Bf4 O-O-O 8. Bxc6
Bxc6 9. Rb1 Qf7 10. b4 b6 11. a4 Ne7 12. a5 b5 13. a6 h5 14. h4 Kd7 15. Qe2 Rb8
16. O-O Kd8 17. Rfe1 Bd7 18. Nd2 Rb6 19. Nb3 Ng6 20. Bg3 Bxb4 21. Qd3 Ne7 22.
exf6 gxf6 23. Nc5 Nc6 24. Nxb5 e5 25. c3 Bxc5 26. dxc5 Rb8 27. Red1 Kc8 28. Qxd5
Qxd5 29. Rxd5 Rxb5 30. Rxb5 Ne7 31. Rxd7 Kxd7 32. f4 Rg8 33. fxe5 Rxg3 34. exf6
Ng6 35. c6+ Kxc6 36. Rxh5 Nf4 37. Rg5 Rxc3 38. f7 Rc1+ 39. Kh2 Ne6 40. Rg6 Rf1
41. Rxe6+ Kd7 42. Re8 Rxf7 43. Ra8 Kc6 44. Rxa7 Kb6 45. Rb7+ Kxa6 46. Rb2 c5 47.
Rb1 Ka5 48. g4 c4 49. g5 c3 50. Kg3 Ka4 51. g6 Rd7 52. h5 c2 53. Rc1 Kb3 54. Kg4
Rd1 55. Rxc2 Kxc2 56. h6 Kd3 57. Kf5 Rf1+ 58. Ke6 Ke4 59. g7 Rh1 60. g8=Q Rxh6+
61. Kd7 Rf6 62. Qg5 Rf5 63. Qg2+ Kd4 64. Ke6 Rb5 65. Qf2+ Kc4 66. Kd6 Rd5+ 67.
Kc6 Rd3 68. Qc5+ Kb3 69. Kb5 Rc3 70. Qf2 Rd3 71. Qg2 Kc3 72. Qg7+ Kb3 73. Qe5
Rc3 74. Qd4 Kc2 75. Kb4 Rd3 76. Qf2+ Rd2 77. Qf5+ Kb2 78. Qe4 Ka2 79. Qc4+ Kb1
80. Kb3 Rb2+ 81. Ka3 Rd2 82. Qe4+ Kc1 83. Kb3 Rd3+ 84. Kc4 Ra3 85. Qg2 Kb1 86.
Kb4 Ra2 87. Qf1+ Kb2 88. Qe2+ Kb1 89. Qd1+ Kb2 90. Kc4 Ra3 91. Kb4 Ra1 92. Qd2+
Kb1 93. Kb3 1-0

[Event "Reykjavik Open 2024"]
[Site "Reykjavik ISL"]
[Date "2024.03.15"]
[Round "1.90"]
[White "Mardell, Jimmy"]
[Black "Haugen, Lars Tormod"]
[Result "1-0"]
[WhiteElo "2172"]
[BlackElo "1945"]
[WhiteFideId "1705610"]
[BlackFideId "1559966"]
[EventDate "2024.03.15"]

1. d4 Nf6 2. c4 c5 3. d5 e6 4. Nc3 exd5 5. cxd5 d6 6. e4 g6 7. Nge2 h5 8. Bg5
Bg7 9. Ng3 h4 10. Bb5+ Bd7 11. Bxd7+ Nbxd7 12. Nf1 b5 13. Nd2 a6 14. O-O h3 15.
g3 Qc7 16. Rc1 O-O 17. Re1 Ne5 18. Nf3 b4 19. Nxe5 bxc3 20. Nc4 cxb2 21. Rb1
Rfe8 22. Bxf6 Bxf6 23. Qg4 Rab8 24. Qxh3 Rb4 25. Qf1 Bd4 26. Qd3 Qe7 27. a3 Rbb8
28. Kg2 f5 29. f3 Qf6 30. Re2 Re7 31. Nd2 f4 32. Qxa6 Reb7 33. Nc4 Be5 34. Rc2
fxg3 35. hxg3 Bxg3 36. Kxg3 Qg5+ 37. Kf2 Rh7 38. Qxd6 Qh4+ 39. Ke2 Rb3 40. Qe6+
Kg7 41. Qe5+ Kg8 42. Rcxb2 1-0

[Event "Reykjavik Open 2024"]
[Site "Reykjavik ISL"]
[Date "2024.03.15"]
[Round "1.91"]
[White "Madsen, Jens Ingemann"]
[Black "Mannion, Stephen R"]
[Result "0-1"]
[BlackTitle "IM"]
[WhiteElo "1945"]
[BlackElo "2166"]
[WhiteFideId "1434993"]
[BlackFideId "2400111"]
[EventDate "2024.03.15"]

1. d4 Nf6 2. Bg5 d5 3. Nd2 c5 4. dxc5 e6 5. e3 Bxc5 6. Ngf3 Nc6 7. c3 O-O 8. Be2
e5 9. Bxf6 Qxf6 10. Nb3 Qd6 11. Nxc5 Qxc5 12. O-O Rd8 13. Rc1 Bf5 14. Nh4 Be6
15. Bg4 Qe7 16. Bxe6 Qxe6 17. Nf3 Rd7 18. Re1 Rad8 19. h3 h6 20. Qe2 f5 21. Nd2
Re7 22. Rcd1 e4 23. Nb3 Ne5 24. Rd4 Nd3 25. Rd1 f4 26. exf4 Nxf4 27. Qd2 Qf6 28.
Kh2 Rf8 29. Rf1 Nd3 30. f3 Qe5+ 31. Kg1 Ref7 32. Qe3 Nf4 33. Rfd1 Qg5 34. R1d2
Nxh3+ 0-1

[Event "Reykjavik Open 2024"]
[Site "Reykjavik ISL"]
[Date "2024.03.15"]
[Round "1.92"]
[White "Morin, Yves"]
[Black "Javet, Blaise"]
[Result "1-0"]
[WhiteElo "2166"]
[BlackElo "1942"]
[WhiteFideId "2600900"]
[BlackFideId "1305026"]
[EventDate "2024.03.15"]

1. Nf3 Nf6 2. d3 d5 3. c3 g6 4. Bg5 Bg7 5. Nbd2 O-O 6. e4 dxe4 7. dxe4 c6 8. Qc2
Nbd7 9. Be2 Nc5 10. Be3 Ne6 11. Ng5 Qc7 12. Nxe6 Bxe6 13. h3 Nd7 14. O-O f5 15.
exf5 Bxf5 16. Bd3 Bxd3 17. Qxd3 Nf6 18. Nf3 Rad8 19. Qc4+ Rd5 20. Rad1 e6 21.
Qe2 Rfd8 22. c4 Rxd1 23. Rxd1 Rxd1+ 24. Qxd1 b6 25. Bd4 Qd6 26. Qe2 Nd7 27. Bxg7
Kxg7 28. h4 h6 29. b3 e5 30. g3 Kf7 31. Kg2 Kg7 32. Qe4 Kf7 33. h5 g5 34. Qh7+
Kf8 35. Qf5+ Kg7 36. b4 c5 37. b5 Kg8 38. a3 Kg7 39. a4 Kg8 40. Qe4 Kg7 41. Qb7 1-0

[Event "Reykjavik Open 2024"]
[Site "Reykjavik ISL"]
[Date "2024.03.15"]
[Round "1.93"]
[White "Ornolfsson, Magnus P."]
[Black "Slikker, Willem"]
[Result "1-0"]
[WhiteElo "2163"]
[BlackElo "1936"]
[WhiteFideId "2301016"]
[BlackFideId "1081330"]
[EventDate "2024.03.15"]

1. d4 d5 2. Nf3 e6 3. g3 c5 4. Bg2 Nf6 5. O-O cxd4 6. Nxd4 Nc6 7. c4 Bc5 8. Nb3
Bb6 9. cxd5 exd5 10. Bg5 d4 11. Na3 a6 12. Rc1 O-O 13. Nc4 Ba7 14. Qd2 Re8 15.
Nca5 Nxa5 16. Nxa5 Qe7 17. Bxf6 gxf6 18. Bf3 Rb8 19. Rfd1 Bf5 20. Qf4 Qe5 21.
Nxb7 Qxf4 22. gxf4 Be4 23. Nd6 Bxf3 24. Nxe8 Bxe2 25. Nxf6+ Kh8 26. Rd2 d3 27.
Rc4 Bb6 28. b4 h5 29. Kg2 Bd8 30. Nd7 Ra8 31. Ne5 Be7 32. Nxf7+ Kg7 33. Ng5 Rb8
34. a3 a5 35. Re4 Bf6 36. bxa5 Rb5 37. Ne6+ Kf7 38. Nd4 Bxd4 39. Rxd4 Rxa5 40.
R4xd3 Bxd3 41. Rxd3 Kf6 42. Re3 Ra4 43. Kg3 Kf5 44. Rb3 Kg6 45. Rb6+ Kf5 46. Rh6
Rxa3+ 47. f3 Ra8 48. Rxh5+ Kf6 49. Kg4 Kg6 50. Rb5 Rh8 51. Rb6+ Kf7 52. h4 Ra8
53. h5 Kg7 54. Kg5 Rf8 55. Rb7+ Kh8 56. f5 Kg8 57. f6 Rc8 58. Kg6 Ra8 59. Rg7+
Kh8 60. Rh7+ 1-0

[Event "Reykjavik Open 2024"]
[Site "Reykjavik ISL"]
[Date "2024.03.15"]
[Round "1.94"]
[White "Bjarnason, Kristinn"]
[Black "Johannsson, Birkir Isak"]
[Result "0-1"]
[WhiteElo "1934"]
[BlackElo "2161"]
[WhiteFideId "2323028"]
[BlackFideId "2314673"]
[EventDate "2024.03.15"]

1. e4 c6 2. d4 d5 3. Nc3 dxe4 4. Nxe4 Nf6 5. Nxf6+ exf6 6. Nf3 Bd6 7. Be3 O-O 8.
Be2 Re8 9. O-O Nd7 10. Re1 Nf8 11. h3 Ng6 12. Bf1 Be6 13. c3 Qd7 14. a4 a5 15.
b3 h6 16. Qc2 Bd5 17. Nd2 f5 18. Bc4 f4 19. Bxd5 cxd5 0-1

[Event "Reykjavik Open 2024"]
[Site "Reykjavik ISL"]
[Date "2024.03.15"]
[Round "1.95"]
[White "Mai, Alexander Oliver"]
[Black "Becke, Wolf"]
[Result "1-0"]
[WhiteElo "2160"]
[BlackElo "1928"]
[WhiteFideId "2313391"]
[BlackFideId "16203038"]
[EventDate "2024.03.15"]

1. e4 g6 2. d4 Bg7 3. Nc3 d6 4. f4 Nd7 5. Nf3 e6 6. Be3 Ne7 7. Bd3 a6 8. O-O h6
9. Qd2 Nb6 10. Bf2 O-O 11. Ne2 d5 12. e5 Bd7 13. c3 Bb5 14. Bb1 a5 15. b3 a4 16.
Bc2 axb3 17. axb3 Qd7 18. h3 Ra6 19. Rxa6 Bxa6 20. Ra1 Ra8 21. g4 Qe8 22. Ng3
Bb5 23. Rc1 Ra2 24. f5 Bf8 25. Be3 exf5 26. gxf5 Nxf5 27. Nxf5 gxf5 28. Kh1 Qe6
29. Rg1+ Kh8 30. Nh4 Rxc2 31. Qxc2 f4 32. Qg2 1-0

[Event "Reykjavik Open 2024"]
[Site "Reykjavik ISL"]
[Date "2024.03.15"]
[Round "1.96"]
[White "Hill, Andy"]
[Black "Eriksson, Jorgen"]
[Result "1/2-1/2"]
[WhiteElo "1926"]
[BlackElo "2154"]
[WhiteFideId "499927"]
[BlackFideId "1701967"]
[EventDate "2024.03.15"]

1. Nf3 c5 2. c4 Nc6 3. e3 Nf6 4. Nc3 g6 5. d4 cxd4 6. exd4 d5 7. cxd5 Nxd5 8.
Bb5 Bg7 9. Qa4 O-O 10. Bxc6 Nxc3 11. bxc3 bxc6 12. Ba3 Bg4 13. Nd2 Re8 14. O-O
e5 15. Bc5 exd4 16. cxd4 Qd5 17. Rfe1 Be2 18. Nb3 a6 19. Qb4 h5 20. Qd2 Bg4 21.
Rxe8+ Rxe8 22. Re1 Rxe1+ 23. Qxe1 Be6 24. Qe2 Qc4 25. Qxc4 Bxc4 26. f4 f5 27.
Kf2 Kf7 28. Na5 Bd5 29. g3 Ke6 30. Ke3 Bf6 31. a3 h4 32. Kd3 hxg3 33. hxg3 g5
34. Bb4 gxf4 35. gxf4 Bd8 36. Nb7 Bb6 37. Nc5+ Bxc5 38. Bxc5 1/2-1/2